Capitali europee - Statistics

Statistiche generali
  • Questo quiz è stato fatto 56 volte
  • Il punteggio medio è 40 su 59
Statistiche sulle risposte
Hint Risposta % Corretto
Albania Tirana
100%
Austria Vienna
93%
Belgio Bruxelles
89%
Grecia Atene
86%
Germania Berlino
86%
Città del Vaticano Città del Vaticano
86%
Danimarca Copenaghen
86%
Portogallo Lisbona
86%
Francia Parigi
86%
Italia Roma
86%
Paesi Bassi Amsterdam
84%
Irlanda Dublino
84%
Finlandia Helsinki
84%
Inghilterra Londra
84%
Lussemburgo Lussemburgo
84%
Spagna Madrid
84%
Monaco Monaco
84%
Russia Mosca
84%
Norvegia Oslo
84%
Romania Bucarest
82%
Malta La Valletta
82%
Repubblica Ceca Praga
82%
Lettonia Riga
82%
Polonia Varsavia
82%
Andorra Andorra la Vella
80%
Svizzera Berna
80%
Ungheria Budapest
80%
Ucraina Kiev
80%
Bosnia ed Erzegovina Sarajevo
80%
Bulgaria Sofia
80%
Croazia Zagabria
77%
Bielorussia Minsk
75%
Islanda Reykjavik
75%
Estonia Tallinn
75%
Svezia Stoccolma
73%
Turchia Ankara
70%
Lituania Vilnius
70%
Liechtenstein Vaduz
68%
Cipro Nicosia
66%
Slovenia Lubiana
64%
Slovacchia Bratislava
61%
Scozia Edimburgo
59%
Galles Cardiff
57%
Moldavia Chisinau
57%
Macedonia del Nord Skopje
57%
Serbia Belgrado
55%
Azerbaigian Baku
52%
Montenegro Podgorica
52%
Georgia Tbilisi
52%
Irlanda del Nord Belfast
50%
Armenia Erevan
48%
San Marino Città di San Marino
41%
Kazakistan Astana
25%
Fær Øer Torshavn
14%
Isola di Man Douglas
11%
Isole Åland Mariehamn
11%
Cipro del Nord Nicosia Nord
9%
Baliato di Jersey Saint Helier
9%
Guernsey Saint Peter Port
9%
Nessun quiz corrispondente trovato
Distribuzione punteggi
Percentuale di utenti per punteggio
Percentile per numero di risposta
I tuoi punteggi nel tempo
Non hai fatto questo quiz